| 000 | 01312nam a22002177a 4500 | ||
|---|---|---|---|
| 999 |
_c56861 _d56861 |
||
| 003 | Ge_BSU | ||
| 005 | 20221221151714.0 | ||
| 008 | 190517s2019 ge ||||| |||| 00| 0 geo d | ||
| 041 | _ageo | ||
| 080 | _a81 შ-51 | ||
| 100 |
_aშეროზია, მაკა _91301 |
||
| 245 |
_aგენდერის ასახვის ვერბალური და არავერბალური თავისებურებები რეკლამის დისკურსში : _bდისერტაცია ფილოლოგიის დოქტორის აკადემიური ხარისხის მოსაპოვებლად / _cმაკა შეროზია; სამეცნ. ხელმძღ. ირინე გოშხეთელიანი. |
||
| 264 |
_aბათუმი : _bშოთა რუსთაველის სახ. უნ-ტი, _c2009. |
||
| 300 |
_a190 გვ.: _bილ.; _c30 სმ. |
||
| 501 | _aბიბლიოგრ. გვ.: 167-190 | ||
| 653 | _aდისერტაცია | ||
| 653 | _aრეკლამა | ||
| 653 | _aფილოლოგია | ||
| 700 |
_aგოშხეთელიანი, ირინე _eსამეცნ. ხელმძღვ-ლი _91302 |
||
| 942 |
_2udc _cDS |
||